[Event "2. Bundesliga Ost 2018/2019"]
[Site "alle Wien"]
[Date "2019.03.09"]
[Round "8"]
[Board "2"]
[White "Juhasz, Armin"]
[Black "Ly, Dominik"]
[Result "1-0"]
[WhiteElo "2365"]
[BlackElo "2238"]
[PlyCount "89"]
[EventDate "2018.10.06"]
[EventType "team"]
[EventRounds "11"]
[EventCountry "AUT"]
[WhiteTeam "SK Sparkasse Bad Voeslau"]
[BlackTeam "SK Advisory Invest Baden"]

1. d4 d5 2. c4 e6 3. Nc3 Nf6 4. Bg5 Be7 5. e3 O-O 6. Rc1 b6 7. Nf3 Bb7 8. cxd5
exd5 9. Bd3 Ne4 10. Bxe7 Qxe7 11. O-O Nd7 12. Qa4 c5 13. dxc5 bxc5 14. Bxe4
dxe4 15. Nd2 Rfe8 16. Rfd1 Qe6 17. Qb3 Nb6 18. Qxe6 Rxe6 19. Nb3 Re5 20. Na5
Ba6 21. Rd6 Bd3 22. f4 Ree8 23. b3 Rac8 24. Nd5 c4 25. Nxb6 axb6 26. Rxb6 cxb3
27. Rxc8 Rxc8 28. Nxb3 g6 29. a4 Bc2 30. a5 Bxb3 31. Rxb3 Rc1+ 32. Kf2 Ra1 33.
Rb5 Ra2+ 34. Kg3 Ra3 35. f5 gxf5 36. Kf4 Ra2 37. Rxf5 Rf2+ 38. Kxe4 Rxg2 39. h4
Ra2 40. Kf4 Kg7 41. Rb5 Ra3 42. e4 Kg6 43. Rb6+ Kh5 44. a6 Ra1 45. Rf6  1-0

[Event "2. Bundesliga Ost 2018/2019"]
[Site "alle Wien"]
[Date "2019.03.09"]
[Round "8"]
[Board "3"]
[White "Juenger, Heinz"]
[Black "Grimm, Daniel"]
[Result "1/2-1/2"]
[WhiteElo "2141"]
[BlackElo "2288"]
[PlyCount "93"]
[EventDate "2018.10.06"]
[EventType "team"]
[EventRounds "11"]
[EventCountry "AUT"]
[WhiteTeam "SK Advisory Invest Baden"]
[BlackTeam "SK Sparkasse Bad Voeslau"]

1. e4 d5 2. exd5 Qxd5 3. Nc3 Qa5 4. d4 Nf6 5. Nf3 Bf5 6. Bc4 e6 7. Bd2 Bb4 8.
Ne5 O-O 9. O-O Bxc3 10. bxc3 Nbd7 11. Nxd7 Nxd7 12. Bd3 Bxd3 13. cxd3 c5 14.
dxc5 Qxc5 15. Qb3 Qc6 16. Be3 Rfd8 17. Rfd1 b6 18. Rac1 Rac8 19. Qa3 Qb7 20. c4
e5 21. d4 exd4 22. Rxd4 Re8 23. Qd6 Nf8 24. h3 Re6 25. Qd5 Qxd5 26. Rxd5 Rec6
27. a4 Rxc4 28. Rxc4 Rxc4 29. a5 f6 30. axb6 axb6 31. Bxb6 Kf7 32. Be3 g5 33.
Rd4 Rc6 34. h4 Kg6 35. hxg5 fxg5 36. g4 Ne6 37. Rb4 h6 38. Kg2 Nc7 39. Rb6 Rxb6
40. Bxb6 Nd5 41. Bd4 h5 42. gxh5+ Kxh5 43. Kg3 Nf4 44. Be3 Ng6 45. f4 gxf4+ 46.
Bxf4 Nxf4 47. Kxf4  1/2-1/2

[Event "2. Bundesliga Ost 2018/2019"]
[Site "alle Wien"]
[Date "2019.03.09"]
[Round "8"]
[Board "4"]
[White "Wilke, Werner"]
[Black "Trippold, Denise"]
[Result "1-0"]
[WhiteElo "2223"]
[BlackElo "2171"]
[PlyCount "87"]
[EventDate "2018.10.06"]
[EventType "team"]
[EventRounds "11"]
[EventCountry "AUT"]
[WhiteTeam "SK Sparkasse Bad Voeslau"]
[BlackTeam "SK Advisory Invest Baden"]

1. Nf3 c5 2. c4 Nc6 3. Nc3 g6 4. e3 Nf6 5. d4 cxd4 6. exd4 d5 7. cxd5 Nxd5 8.
Qb3 e6 9. Bg5 Be7 10. Bxe7 Qxe7 11. Bb5 O-O 12. O-O Rd8 13. Bxc6 bxc6 14. Ne5
Qc7 15. Rac1 Ne7 16. Ne4 Kg7 17. Qf3 f5 18. Ng5 h6 19. Ngf7 Rf8 20. Nxc6 Bb7
21. Nfe5 Rac8 22. d5 Nxd5 23. Qg3 g5 24. h4 Kf6 25. hxg5+ hxg5 26. Nb8 Qxc1 27.
Nbd7+ Kg7 28. Nxf8 Qd2 29. Nxe6+ Kf6 30. Nf3 Qxb2 31. Nexg5 Rc6 32. Qh4 Qb4 33.
Nd4 Kg6 34. Ngf3 Rf6 35. Qg5+ Kf7 36. Ne5+ Ke8 37. Nxf5 Qf8 38. Nc4 Kd7 39.
Nfe3 Nf4 40. Rd1+ Kc7 41. Qe5+ Kc8 42. Nd6+ Rxd6 43. Qxd6 Ne2+ 44. Kf1  1-0

[Event "2. Bundesliga Ost 2018/2019"]
[Site "alle Wien"]
[Date "2019.03.09"]
[Round "8"]
[Board "5"]
[White "Hofegger, Jakob"]
[Black "Steiner, Bruno"]
[Result "1-0"]
[WhiteElo "2128"]
[BlackElo "2075"]
[PlyCount "77"]
[EventDate "2018.10.06"]
[EventType "team"]
[EventRounds "11"]
[EventCountry "AUT"]
[WhiteTeam "SK Advisory Invest Baden"]
[BlackTeam "SK Sparkasse Bad Voeslau"]

1. Nf3 d5 2. g3 Bg4 3. Bg2 Nd7 4. O-O e6 5. d3 Bc5 6. Nbd2 c6 7. e4 Ne7 8. b3
O-O 9. h3 Bxf3 10. Nxf3 a5 11. a4 Ng6 12. Qe2 Re8 13. Bb2 Qc7 14. Kh1 Be7 15.
Rae1 Bf6 16. e5 Be7 17. h4 b5 18. h5 Ngf8 19. h6 bxa4 20. hxg7 Ng6 21. bxa4
Rab8 22. Ba1 Rb4 23. Nh2 Rxa4 24. f4 Bb4 25. Rb1 Ne7 26. Bh3 c5 27. Qh5 d4 28.
Nf3 Nf5 29. Bxf5 exf5 30. Qxf5 Qc6 31. Kg2 Qe6 32. Qh5 Qg6 33. Qh3 Kxg7 34. Kf2
Ra2 35. Rb2 Rxb2 36. Bxb2 Nf8 37. f5 Qb6 38. f6+ Kg8 39. Qh6  1-0

[Event "2. Bundesliga Ost 2018/2019"]
[Site "alle Wien"]
[Date "2019.03.09"]
[Round "8"]
[Board "6"]
[White "Juhasz, Agoston"]
[Black "Zojer, Stefan"]
[Result "0-1"]
[WhiteElo "2174"]
[BlackElo "2125"]
[PlyCount "70"]
[EventDate "2018.10.06"]
[EventType "team"]
[EventRounds "11"]
[EventCountry "AUT"]
[WhiteTeam "SK Sparkasse Bad Voeslau"]
[BlackTeam "SK Advisory Invest Baden"]

1. e4 e5 2. Nf3 Nc6 3. Bc4 Bc5 4. c3 Nf6 5. d3 d6 6. O-O a5 7. a4 O-O 8. Bg5
Be6 9. Na3 Bxa3 10. Rxa3 Bxc4 11. dxc4 Qe7 12. Qd3 Qe6 13. Raa1 Nh5 14. Rae1
Qg6 15. Kh1 h6 16. Bc1 b6 17. Nh4 Qg4 18. g3 Kh7 19. Kg2 Nd8 20. h3 Qc8 21. Qf3
Nf6 22. Nf5 Ng8 23. h4 Ne6 24. h5 g6 25. Nh4 Ng5 26. Qd1 Qh3+ 27. Kg1 Nf6 28.
hxg6+ fxg6 29. Re2 Ng4 30. f4 Qxg3+ 31. Rg2 Nh3+ 32. Kh1 Ngf2+ 33. Rfxf2 Nxf2+
34. Rxf2 Qxf2 35. Qg4 Rg8  0-1

[Event "2. Bundesliga Ost 2018/2019"]
[Site "alle Wien"]
[Date "2019.03.09"]
[Round "8"]
[Board "1"]
[White "Stanec, Nikolaus"]
[Black "Frindt, Kornel"]
[Result "1-0"]
[WhiteElo "2473"]
[BlackElo "2217"]
[PlyCount "93"]
[EventDate "2018.10.06"]
[EventType "team"]
[EventRounds "11"]
[EventCountry "AUT"]
[WhiteTeam "SC Donaustadt"]
[BlackTeam "Wiener Amateurschachklub"]

1. e4 c5 2. Nf3 Nc6 3. Bb5 g6 4. O-O Bg7 5. c3 Qb6 6. Na3 a6 7. Ba4 Qa7 8. Bxc6
dxc6 9. d3 Bg4 10. h3 Bxf3 11. Qxf3 Nf6 12. Be3 Nd7 13. Qe2 O-O 14. f4 e6 15.
Nc4 f5 16. e5 b6 17. a4 a5 18. Qc2 Rfb8 19. Nd6 Qc7 20. Qb3 Nf8 21. d4 cxd4 22.
cxd4 Qd7 23. Rac1 b5 24. Rf2 Bh6 25. axb5 cxb5 26. Rfc2 b4 27. Rc7 a4 28. Qc4
Qd8 29. d5 a3 30. dxe6 Qxc7 31. Qxc7 axb2 32. e7 Ra1 33. Qc2 bxc1=Q+ 34. Bxc1
b3 35. Qc4+ Kg7 36. Kf2 Ra2+ 37. Kg3 b2 38. Bxb2 Raxb2 39. e8=Q Rxe8 40. Nxe8+
Kh8 41. Nf6 Ne6 42. Qxe6 Rb8 43. Qf7 Bg7 44. Ne8 Bh6 45. e6 Rb3+ 46. Kf2 Rb2+
47. Ke3  1-0

[Event "2. Bundesliga Ost 2018/2019"]
[Site "alle Wien"]
[Date "2019.03.09"]
[Round "8"]
[Board "2"]
[White "Zsifkovits, Peter"]
[Black "Pingitzer, Harald"]
[Result "0-1"]
[WhiteElo "2050"]
[BlackElo "2314"]
[PlyCount "72"]
[EventDate "2018.10.06"]
[EventType "team"]
[EventRounds "11"]
[EventCountry "AUT"]
[WhiteTeam "Wiener Amateurschachklub"]
[BlackTeam "SC Donaustadt"]

1. e4 c6 2. Nc3 d5 3. Qf3 e6 4. d4 dxe4 5. Qxe4 Nf6 6. Qh4 Nbd7 7. Nf3 Bb4 8.
Bd3 Nd5 9. Qxd8+ Kxd8 10. Bd2 Be7 11. Nxd5 exd5 12. O-O h6 13. Rfe1 Re8 14. c4
Nf6 15. Ne5 Be6 16. Ba5+ Kc8 17. Rac1 Bd8 18. Bd2 Bc7 19. f4 dxc4 20. Bxc4 Bb6
21. Be3 Kc7 22. f5 Bxf5 23. Bxf7 Re7 24. d5 Bxe3+ 25. Rxe3 Be4 26. Nxc6 bxc6
27. Rxc6+ Kd8 28. Be6 Ke8 29. Rec3 Kf8 30. Rc8+ Rxc8 31. Rxc8+ Re8 32. d6 Rxc8
33. Bxc8 Bc6 34. Bf5 Ne4 35. Bxe4 Bxe4 36. Kf2 Kf7  0-1

[Event "2. Bundesliga Ost 2018/2019"]
[Site "alle Wien"]
[Date "2019.03.09"]
[Round "8"]
[Board "3"]
[White "Kummer, Helmut"]
[Black "Lipp, Alfred"]
[Result "1-0"]
[WhiteElo "2297"]
[BlackElo "1996"]
[PlyCount "79"]
[EventDate "2018.10.06"]
[EventType "team"]
[EventRounds "11"]
[EventCountry "AUT"]
[WhiteTeam "SC Donaustadt"]
[BlackTeam "Wiener Amateurschachklub"]

1. d4 d5 2. c4 e6 3. Nc3 Nf6 4. Bg5 Be7 5. e3 O-O 6. Nf3 Nbd7 7. Bd3 c5 8. cxd5
exd5 9. O-O cxd4 10. exd4 Nb6 11. h3 Nh5 12. Be3 g6 13. Bh6 Re8 14. Re1 Bf6 15.
Qd2 Bd7 16. Ne5 Bc6 17. Re2 Ng7 18. Rae1 Ne6 19. Nxc6 bxc6 20. Ba6 Qd7 21. Kf1
Nxd4 22. Qf4 Rxe2 23. Nxe2 Qf5 24. Nxd4 Qxf4 25. Bxf4 Bxd4 26. Bb7 Rd8 27. Bg5
f6 28. Bc1 Nc4 29. b3 Na5 30. Ba6 Bc3 31. Re7 c5 32. Bb5 Rb8 33. Bd7 c4 34. Bh6
f5 35. Be6+ Kh8 36. Bxd5 cxb3 37. axb3 Rd8 38. Rxa7 Re8 39. g4 f4 40. Kg2  1-0

[Event "2. Bundesliga Ost 2018/2019"]
[Site "alle Wien"]
[Date "2019.03.09"]
[Round "8"]
[Board "4"]
[White "Reyes-Acevedo, Ismael"]
[Black "Froewis, Annika"]
[Result "1/2-1/2"]
[WhiteElo "1964"]
[BlackElo "2113"]
[PlyCount "89"]
[EventDate "2018.10.06"]
[EventType "team"]
[EventRounds "11"]
[EventCountry "AUT"]
[WhiteTeam "Wiener Amateurschachklub"]
[BlackTeam "SC Donaustadt"]

1. d4 d5 2. c4 e6 3. Nc3 Nf6 4. Nf3 c6 5. cxd5 exd5 6. Bg5 Be7 7. Qc2 O-O 8. e3
Nbd7 9. Bd3 Re8 10. O-O Nf8 11. Rab1 a5 12. a3 g6 13. Ne5 Ne6 14. f4 c5 15.
Bxf6 Bxf6 16. f5 Nf8 17. fxg6 hxg6 18. Nxf7 Kxf7 19. Nxd5 Re6 20. Nf4 Rxe3 21.
Bxg6+ Kg8 22. Qc4+ Kh8 23. Qxc5 Bxd4 24. Qh5+ Kg7 25. Kh1 Ra6 26. Bf5 Bxf5 27.
Qxf5 Rh6 28. Nh5+ Kg8 29. Qf7+ Kh8 30. Qxf8+ Qxf8 31. Rxf8+ Kh7 32. Rd8 Bxb2
33. Nf4 Rxa3 34. Rd7+ Kg8 35. Rxb7 Be5 36. Re1 Ra1 37. Rxa1 Bxa1 38. Ra7 Be5
39. Nh3 Rc6 40. g3 Rc1+ 41. Kg2 Rc2+ 42. Kf3 Rxh2 43. Ng5 Rb2 44. g4 Rb5 45.
Ke4  1/2-1/2

[Event "2. Bundesliga Ost 2018/2019"]
[Site "alle Wien"]
[Date "2019.03.09"]
[Round "8"]
[Board "5"]
[White "Kropik, Martin"]
[Black "Jirovec, Alfred"]
[Result "0-1"]
[WhiteElo "2098"]
[BlackElo "1977"]
[PlyCount "112"]
[EventDate "2018.10.06"]
[EventType "team"]
[EventRounds "11"]
[EventCountry "AUT"]
[WhiteTeam "SC Donaustadt"]
[BlackTeam "Wiener Amateurschachklub"]

1. d4 d5 2. c4 c6 3. Nf3 Nf6 4. Nc3 e6 5. e3 Nbd7 6. Be2 Bd6 7. O-O O-O 8. Qc2
Re8 9. b3 h6 10. Bb2 a6 11. Rfd1 Qe7 12. Rac1 b6 13. e4 dxe4 14. Nxe4 Nxe4 15.
Qxe4 Bb7 16. c5 Bc7 17. cxb6 Bxb6 18. Bd3 Nf8 19. Qg4 Bc7 20. Ne5 Bxe5 21. dxe5
c5 22. Ba3 Rec8 23. Be4 Rab8 24. Bxb7 Rxb7 25. Qc4 Nd7 26. Qe4 Rbc7 27. Rd6 Nb8
28. f4 Qe8 29. Qc4 Qb5 30. Qd3 Qxd3 31. Rxd3 a5 32. Rd6 Kh7 33. Rc4 Kg6 34. Kf2
h5 35. Kf3 Nc6 36. Ke4 Nd4 37. Ra6 a4 38. Raxa4 Nf5 39. Ra5 Rd7 40. Raxc5 Rcd8
41. Rc8 Rxc8 42. Rxc8 Rd2 43. Bc5 Rxa2 44. b4 Rb2 45. Rb8 Rxg2 46. b5 Rxh2 47.
b6 Rb2 48. Kd3 h4 49. Kc3 Rb1 50. b7 Nh6 51. Bb4 h3 52. f5+ Kxf5 53. Rd8 h2 54.
b8=Q h1=Q 55. Rd3 Qc1+ 56. Kd4 Qf4+  0-1

[Event "2. Bundesliga Ost 2018/2019"]
[Site "alle Wien"]
[Date "2019.03.09"]
[Round "8"]
[Board "6"]
[White "Jirovec, Peter"]
[Black "Hechl, Fabian"]
[Result "0-1"]
[WhiteElo "1748"]
[BlackElo "1986"]
[PlyCount "92"]
[EventDate "2018.10.06"]
[EventType "team"]
[EventRounds "11"]
[EventCountry "AUT"]
[WhiteTeam "Wiener Amateurschachklub"]
[BlackTeam "SC Donaustadt"]

1. e4 e5 2. Nf3 Nc6 3. Bc4 Bc5 4. O-O Nf6 5. d3 O-O 6. a3 d6 7. Nc3 Bg4 8. Be3
Nd4 9. Nb5 Nxf3+ 10. gxf3 Bh3 11. Re1 Bxe3 12. fxe3 Nxe4 13. f4 Nf6 14. d4 exf4
15. Qf3 d5 16. Bd3 c6 17. Qxh3 cxb5 18. exf4 Qb6 19. c3 a5 20. Re5 h6 21. Rae1
b4 22. Kh1 Qc6 23. Rg1 Ne4 24. Bxe4 dxe4 25. Qe3 Rfe8 26. Rh5 bxc3 27. bxc3 Ra6
28. d5 Qf6 29. c4 a4 30. c5 Kh7 31. d6 Qe6 32. Re5 Qd7 33. Qxe4+ f5 34. Re7
Rxe7 35. Qxe7 Qxe7 36. dxe7 Re6 37. e8=Q Rxe8 38. Rb1 Rc8 39. Rxb7 Rxc5 40. Rb4
Ra5 41. Kg2 g5 42. fxg5 hxg5 43. Kg3 Kg6 44. h3 Kh5 45. Rb8 Rc5 46. Rh8+ Kg6
 0-1

[Event "2. Bundesliga Ost 2018/2019"]
[Site "alle Wien"]
[Date "2019.03.09"]
[Round "8"]
[Board "1"]
[White "Pacher, Milan"]
[Black "Polak, Tomas"]
[Result "0-1"]
[WhiteElo "2457"]
[BlackElo "2503"]
[PlyCount "96"]
[EventDate "2018.10.06"]
[EventType "team"]
[EventRounds "11"]
[EventCountry "AUT"]
[WhiteTeam "SK Austria"]
[BlackTeam "SK Hietzing"]

1. d4 Nf6 2. c4 e6 3. Nf3 Bb4+ 4. Nbd2 b6 5. a3 Bxd2+ 6. Qxd2 Bb7 7. e3 d6 8.
Be2 Nbd7 9. b4 a5 10. Bb2 axb4 11. axb4 Rxa1+ 12. Bxa1 O-O 13. O-O Qe7 14. Bb2
Ra8 15. Ra1 Rxa1+ 16. Bxa1 Qf8 17. Qa2 Qa8 18. Qxa8+ Bxa8 19. Nd2 c5 20. dxc5
dxc5 21. b5 Ne8 22. g4 f6 23. f4 h6 24. Kf2 Nd6 25. Bd3 Kf7 26. h4 e5 27. h5
exf4 28. exf4 Nf8 29. Ke3 Bb7 30. Bc3 Bg2 31. Nf1 Bb7 32. Ng3 Bc8 33. Ne4 Nxe4
34. Kxe4 Ke7 35. g5 Ne6 36. gxf6+ gxf6 37. Kf3 Ng7 38. Bd2 Nxh5 39. f5 Ng7 40.
Kf4 h5 41. Be1 Ne8 42. Bg3 Nd6 43. Kf3 Bd7 44. Bf4 Be8 45. Kg3 Bf7 46. Kh4 Kd7
47. Bg3 Bxc4 48. Bxd6 Bxd3  0-1

[Event "2. Bundesliga Ost 2018/2019"]
[Site "alle Wien"]
[Date "2019.03.09"]
[Round "8"]
[Board "2"]
[White "Penz, Harald"]
[Black "Nagy, Bence"]
[Result "1/2-1/2"]
[WhiteElo "2317"]
[BlackElo "2381"]
[PlyCount "120"]
[EventDate "2018.10.06"]
[EventType "team"]
[EventRounds "11"]
[EventCountry "AUT"]
[WhiteTeam "SK Hietzing"]
[BlackTeam "SK Austria"]

1. e4 c5 2. c3 d5 3. exd5 Qxd5 4. Nf3 g6 5. d4 Bg7 6. Be2 cxd4 7. cxd4 Nf6 8.
Nc3 Qd8 9. O-O O-O 10. Be3 Nbd7 11. Qd2 Nb6 12. Bh6 Bg4 13. Bxg7 Kxg7 14. h3
Bxf3 15. Bxf3 Qd7 16. Rfd1 Rfd8 17. Qe2 e6 18. Ne4 Nxe4 19. Qxe4 Nd5 20. Rac1
Qa4 21. Qc2 Qxc2 22. Rxc2 Rd7 23. Rdc1 Rad8 24. Bxd5 Rxd5 25. Rc7 Rb5 26. Re7
Rxd4 27. Rcc7 Rf5 28. Red7 Rxd7 29. Rxd7 Rb5 30. b3 a5 31. g3 h5 32. h4 Kf6 33.
Kg2 e5 34. Kf3 Ke6 35. Rc7 f6 36. Rg7 Kf5 37. Re7 b6 38. Rb7 Rb4 39. Ke3 g5 40.
hxg5 fxg5 41. Kf3 h4 42. Kg2 hxg3 43. Kxg3 g4 44. Rf7+ Kg6 45. Rb7 b5 46. Rb8
Kf6 47. f3 gxf3 48. Kxf3 Ke6 49. Ke3 Kd6 50. Rd8+ Ke7 51. Rb8 Kd7 52. Rb6 e4
53. Rf6 a4 54. bxa4 Rxa4 55. Rf4 Rxa2 56. Rxe4 Rc2 57. Kd3 Rc1 58. Re2 Kd6 59.
Rc2 Rb1 60. Rc8 Rb4  1/2-1/2

[Event "2. Bundesliga Ost 2018/2019"]
[Site "alle Wien"]
[Date "2019.03.09"]
[Round "8"]
[Board "3"]
[White "Hangweyrer, Manfred"]
[Black "Belke, Frank"]
[Result "1/2-1/2"]
[WhiteElo "2351"]
[BlackElo "2300"]
[PlyCount "57"]
[EventDate "2018.10.06"]
[EventType "team"]
[EventRounds "11"]
[EventCountry "AUT"]
[WhiteTeam "SK Austria"]
[BlackTeam "SK Hietzing"]

1. Nf3 Nf6 2. g3 g6 3. Bg2 Bg7 4. c4 O-O 5. O-O d5 6. cxd5 Nxd5 7. Nc3 Nxc3 8.
dxc3 c5 9. Qa4 Nd7 10. Qh4 e5 11. Qxd8 Rxd8 12. Rd1 Re8 13. Be3 e4 14. Nd2 f5
15. Nc4 Bf8 16. Nd6 Bxd6 17. Rxd6 b6 18. Bf4 Nf8 19. Rad1 Ba6 20. R1d2 Kf7 21.
Bg5 Bb5 22. f3 Ne6 23. Bh6 exf3 24. Bxf3 Rad8 25. Rxd8 Rxd8 26. Rxd8 Nxd8 27.
Bf4 Bc6 28. Kf2 Ke6 29. Bc7  1/2-1/2

[Event "2. Bundesliga Ost 2018/2019"]
[Site "alle Wien"]
[Date "2019.03.09"]
[Round "8"]
[Board "4"]
[White "Schroll, Gerhard"]
[Black "Macko, Miroslav"]
[Result "0-1"]
[WhiteElo "2304"]
[BlackElo "2294"]
[PlyCount "113"]
[EventDate "2018.10.06"]
[EventType "team"]
[EventRounds "11"]
[EventCountry "AUT"]
[WhiteTeam "SK Hietzing"]
[BlackTeam "SK Austria"]

1. d4 d5 2. c4 e6 3. Nc3 Bb4 4. Qb3 c5 5. e3 Nc6 6. Nf3 Nf6 7. a3 Qa5 8. Bd2
Ne4 9. Rd1 Bxc3 10. Bxc3 Nxc3 11. Qxc3 cxd4 12. Qxa5 Nxa5 13. cxd5 exd5 14.
Nxd4 Ke7 15. Be2 Be6 16. Rc1 Rhc8 17. Kd2 Nc6 18. Nxe6 fxe6 19. Rc3 Kd6 20.
Rhc1 a6 21. f4 Rg8 22. Bf3 g5 23. g3 Raf8 24. Rd3 gxf4 25. gxf4 Rg6 26. h4 Rg3
27. Ke2 Rh3 28. Rh1 Rxf3 29. Kxf3 Ne5+ 30. Ke2 Nxd3 31. Kxd3 Rg8 32. Rh2 h5 33.
Ke2 Rg4 34. Kf3 e5 35. fxe5+ Kxe5 36. Rh1 b5 37. Rh2 a5 38. Rh1 d4 39. Rc1 Kd5
40. b4 axb4 41. axb4 dxe3 42. Rc5+ Kd4 43. Rxh5 Re4 44. Ke2 Kc4 45. Rh8 Kxb4
46. h5 Kb3 47. h6 b4 48. h7 Re7 49. Kd1 Rc7 50. Re8 Rxh7 51. Rxe3+ Kb2 52. Rd3
b3 53. Rd8 Kb1 54. Kd2 b2 55. Rb8 Rd7+ 56. Ke2 Ra7 57. Kd2  0-1

[Event "2. Bundesliga Ost 2018/2019"]
[Site "alle Wien"]
[Date "2019.03.09"]
[Round "8"]
[Board "5"]
[White "Druckenthaner, Andreas"]
[Black "Mozny, Milos"]
[Result "1/2-1/2"]
[WhiteElo "2304"]
[BlackElo "2283"]
[PlyCount "87"]
[EventDate "2018.10.06"]
[EventType "team"]
[EventRounds "11"]
[EventCountry "AUT"]
[WhiteTeam "SK Austria"]
[BlackTeam "SK Hietzing"]

1. e4 c5 2. Nf3 e6 3. Nc3 d6 4. d4 cxd4 5. Nxd4 Nc6 6. Be2 Nf6 7. O-O Be7 8.
Be3 Bd7 9. f4 O-O 10. Qe1 Nxd4 11. Bxd4 Bc6 12. Bd3 Nd7 13. Qg3 e5 14. fxe5
dxe5 15. Be3 Bc5 16. Kh1 Bxe3 17. Qxe3 Qb6 18. Qxb6 Nxb6 19. a4 a5 20. Rfb1 Nd7
21. b4 axb4 22. Rxb4 Nc5 23. Bb5 f5 24. Bxc6 bxc6 25. exf5 Rxf5 26. a5 Rxa5 27.
Re1 h5 28. h3 Kh7 29. Rc4 Rf4 30. Rxf4 exf4 31. Re5 Nb7 32. Re6 Nd8 33. Rd6 Rc5
34. Ne2 Nf7 35. Rd4 g5 36. c3 Re5 37. Ng1 Re1 38. Kh2 Ne5 39. Ra4 Kg6 40. Nf3
Nxf3+ 41. gxf3 Kf5 42. Rc4 Re6 43. Rc5+ Kf6 44. Kg2  1/2-1/2

[Event "2. Bundesliga Ost 2018/2019"]
[Site "alle Wien"]
[Date "2019.03.09"]
[Round "8"]
[Board "6"]
[White "Djeno, Drago"]
[Black "Iro, Christian"]
[Result "1/2-1/2"]
[WhiteElo "2253"]
[BlackElo "2045"]
[PlyCount "111"]
[EventDate "2018.10.06"]
[EventType "team"]
[EventRounds "11"]
[EventCountry "AUT"]
[WhiteTeam "SK Hietzing"]
[BlackTeam "SK Austria"]

1. g3 Nf6 2. c4 e6 3. Nf3 d5 4. b3 Be7 5. Bg2 O-O 6. O-O c5 7. d3 Nc6 8. Na3 d4
9. Nc2 e5 10. Bg5 Be6 11. a3 a5 12. Rb1 Nd7 13. Bd2 h6 14. b4 axb4 15. axb4 Bd6
16. Nfe1 Qc7 17. bxc5 Nxc5 18. Nb4 Ne7 19. Nec2 Bd7 20. e3 dxe3 21. fxe3 Ne6
22. Qe2 Bc6 23. Rb2 Rfd8 24. Nd5 Bxd5 25. cxd5 Nc5 26. Nb4 Qd7 27. e4 Ra3 28.
Qh5 Ng6 29. Bh3 Qe7 30. Rbb1 Rda8 31. Be3 Nf8 32. Bd2 Nxd3 33. Nxd3 Rxd3 34.
Qe2 Rda3 35. Qg4 Ng6 36. Qh5 Nf8 37. g4 Rd3 38. Bc1 Bc5+ 39. Kh1 Be3 40. Bxe3
Rxe3 41. g5 Raa3 42. Bc8 g6 43. Qxh6 Rab3 44. Rxb3 Rxb3 45. Bh3 Qb4 46. Bg2 Rb1
47. Qh4 b5 48. Qg4 Rxf1+ 49. Bxf1 Qc5 50. Qd1 b4 51. Qd3 Qc1 52. Qc4 Qd1 53.
Qd3 Qc1 54. Qc4 Qd1 55. Qd3 Qc1 56. Qc4  1/2-1/2

[Event "2. Bundesliga Ost 2018/2019"]
[Site "alle Wien"]
[Date "2019.03.10"]
[Round "9"]
[Board "1"]
[White "Polak, Tomas"]
[Black "Horvath, Dominik"]
[Result "1-0"]
[WhiteElo "2503"]
[BlackElo "2447"]
[PlyCount "57"]
[EventDate "2018.10.06"]
[EventType "team"]
[EventRounds "11"]
[EventCountry "AUT"]
[WhiteTeam "SK Hietzing"]
[BlackTeam "ASVOE Pamhagen"]

1. d4 d5 2. c4 e6 3. Nf3 Nf6 4. Nc3 a6 5. cxd5 exd5 6. Bf4 Bd6 7. Bxd6 Qxd6 8.
e3 Bf5 9. Bd3 Bxd3 10. Qxd3 Nbd7 11. O-O O-O 12. b4 Qxb4 13. Rab1 Qd6 14. Rxb7
Nb6 15. Ne5 Ne8 16. a4 f6 17. a5 fxe5 18. axb6 e4 19. Qb1 c6 20. Na4 Nf6 21. h3
Rfb8 22. Nc5 a5 23. Ra7 Ne8 24. Na6 Rxa7 25. bxa7 Ra8 26. Qb8 Qd8 27. Rb1 a4
28. Qxd8 Rxd8 29. Rb8  1-0

[Event "2. Bundesliga Ost 2018/2019"]
[Site "alle Wien"]
[Date "2019.03.10"]
[Round "9"]
[Board "2"]
[White "Lipka, Juraj"]
[Black "Penz, Harald"]
[Result "1-0"]
[WhiteElo "2426"]
[BlackElo "2317"]
[PlyCount "53"]
[EventDate "2018.10.06"]
[EventType "team"]
[EventRounds "11"]
[EventCountry "AUT"]
[WhiteTeam "ASVOE Pamhagen"]
[BlackTeam "SK Hietzing"]

1. Nf3 Nf6 2. g3 d5 3. Bg2 e6 4. d4 Be7 5. c4 O-O 6. Qc2 c6 7. O-O b6 8. Nbd2
Ba6 9. b3 Nbd7 10. Rd1 Rc8 11. e4 c5 12. exd5 exd5 13. Qf5 g6 14. Qh3 cxd4 15.
Nxd4 Ne5 16. cxd5 Bb7 17. N2f3 Nxf3+ 18. Bxf3 Nxd5 19. Ne6 fxe6 20. Qxe6+ Rf7
21. Bxd5 Bxd5 22. Rxd5 Qf8 23. Bh6 Qxh6 24. Qxc8+ Kg7 25. Rd7 Qh3 26. Re1 Qf5
27. Qc3+  1-0

[Event "2. Bundesliga Ost 2018/2019"]
[Site "alle Wien"]
[Date "2019.03.10"]
[Round "9"]
[Board "3"]
[White "Belke, Frank"]
[Black "Maslik, Miroslav"]
[Result "1-0"]
[WhiteElo "2300"]
[BlackElo "2351"]
[PlyCount "97"]
[EventDate "2018.10.06"]
[EventType "team"]
[EventRounds "11"]
[EventCountry "AUT"]
[WhiteTeam "SK Hietzing"]
[BlackTeam "ASVOE Pamhagen"]

1. d4 Nf6 2. c4 g6 3. Nc3 Bg7 4. e4 d6 5. Nge2 O-O 6. Ng3 c5 7. d5 a6 8. Bd3 h5
9. Bg5 e5 10. Qd2 Qe8 11. O-O Nbd7 12. h3 Rb8 13. a3 Nh7 14. Be3 Qe7 15. b4 h4
16. Nge2 f5 17. f3 b6 18. Rab1 Rb7 19. Na4 Ndf6 20. bxc5 bxc5 21. Rxb7 Qxb7 22.
Rb1 Qc7 23. Qb2 fxe4 24. fxe4 g5 25. Nb6 g4 26. Nxc8 Qxc8 27. Qb7 Qd8 28. Qb6
Qe7 29. Qxa6 gxh3 30. Rb7 h2+ 31. Kh1 Nd7 32. Kxh2 Rf7 33. Ng1 Bf6 34. Nh3 Ng5
35. Qa8+ Rf8 36. Qa7 Rd8 37. Be2 Nxh3 38. Kxh3 Bg5 39. Bf2 Qf7 40. Bf3 Kf8 41.
Be1 Ke8 42. Qa4 Qf4 43. Rxd7 Rxd7 44. Bg4 Qe3+ 45. g3 hxg3 46. Qxd7+ Kf8 47.
Bxg3 Be7 48. Qf5+ Ke8 49. Qc8+  1-0

[Event "2. Bundesliga Ost 2018/2019"]
[Site "alle Wien"]
[Date "2019.03.10"]
[Round "9"]
[Board "4"]
[White "Vitouch, Anatol"]
[Black "Mozny, Milos"]
[Result "1/2-1/2"]
[WhiteElo "2319"]
[BlackElo "2283"]
[PlyCount "145"]
[EventDate "2018.10.06"]
[EventType "team"]
[EventRounds "11"]
[EventCountry "AUT"]
[WhiteTeam "ASVOE Pamhagen"]
[BlackTeam "SK Hietzing"]

1. c4 e5 2. g3 Nf6 3. Bg2 d5 4. cxd5 Nxd5 5. Nc3 Nb6 6. Nf3 Nc6 7. O-O Be7 8.
Rb1 a5 9. d3 Be6 10. Be3 Nd5 11. Nxd5 Bxd5 12. Qa4 O-O 13. Rbc1 f6 14. Nd2 Bxg2
15. Kxg2 Qd5+ 16. f3 f5 17. Qb3 Qxb3 18. Nxb3 Bd6 19. Nc5 Nd8 20. Rc2 Re8 21.
Rfc1 b6 22. Na4 Ne6 23. Nc3 c5 24. Nd5 Rab8 25. Bf2 Nc7 26. Ne3 g6 27. Nc4 Re6
28. e4 Bf8 29. Re1 Bg7 30. Rce2 Rbe8 31. a4 Na6 32. Rd1 Nb4 33. Be1 Nc6 34. Bc3
Nd4 35. Bxd4 exd4 36. Rde1 f4 37. e5 Rf8 38. Re4 Bh6 39. Nd6 g5 40. Kh3 g4+ 41.
Kxg4 Rg6+ 42. Kh3 fxg3 43. hxg3 Rxf3 44. Rg4 Bf8 45. Nc4 Rxd3 46. e6 Be7 47.
Nxb6 Rxg4 48. Kxg4 Re3 49. Rxe3 dxe3 50. Kf3 Bd6 51. g4 Kf8 52. Nd5 Be5 53.
Kxe3 c4 54. Nb6 Ke7 55. Nxc4 Bc7 56. Ke4 Kxe6 57. Nd2 Bd8 58. b3 Bf6 59. Nc4
Bc3 60. Ne3 Be1 61. Nd5 Bf2 62. b4 axb4 63. Nxb4 Kd6 64. Nd3 Bh4 65. Kf5 Kc6
66. g5 Bg3 67. Kg4 Bd6 68. Kf5 Kb6 69. Ke6 Bg3 70. Kf7 Ka5 71. Nb2 Bf4 72. g6
hxg6 73. Kxg6  1/2-1/2